<?xml version="1.0" encoding="UTF-8"?>
<marc:record xmlns:marc="http://www.loc.gov/MARC21/slim">
   <marc:leader>00000nam a2200000 a 4500</marc:leader>
   <marc:datafield ind1="1" ind2=" " tag="100">
      <marc:subfield code="a">Allenspach, Scarlet</marc:subfield>
      <marc:subfield code="4">aut</marc:subfield>
      <marc:subfield code="e">Verfasser/-in</marc:subfield>
   </marc:datafield>
   <marc:datafield ind1=" " ind2=" " tag="653">
      <marc:subfield code="a">Softcover / Ratgeber/Natur/Garten</marc:subfield>
   </marc:datafield>
   <marc:datafield ind1=" " ind2=" " tag="653">
      <marc:subfield code="a">Waldgarten anlegen</marc:subfield>
   </marc:datafield>
   <marc:datafield ind1=" " ind2=" " tag="653">
      <marc:subfield code="a">Gärtnern mit Permakultur</marc:subfield>
   </marc:datafield>
   <marc:datafield ind1=" " ind2=" " tag="653">
      <marc:subfield code="a">Permakultur Garten</marc:subfield>
   </marc:datafield>
   <marc:datafield ind1=" " ind2=" " tag="653">
      <marc:subfield code="a">essbarer Garten</marc:subfield>
   </marc:datafield>
   <marc:datafield ind1=" " ind2=" " tag="653">
      <marc:subfield code="a">biologischer Gemüseanbau</marc:subfield>
   </marc:datafield>
   <marc:datafield ind1=" " ind2=" " tag="653">
      <marc:subfield code="a">biologischer Kräuteranbau</marc:subfield>
   </marc:datafield>
   <marc:datafield ind1=" " ind2=" " tag="653">
      <marc:subfield code="a">Selbstversorgung</marc:subfield>
   </marc:datafield>
   <marc:datafield ind1=" " ind2=" " tag="653">
      <marc:subfield code="a">Gärtnern mit der Natur</marc:subfield>
   </marc:datafield>
   <marc:datafield ind1=" " ind2=" " tag="653">
      <marc:subfield code="a">Obstbäume</marc:subfield>
   </marc:datafield>
   <marc:datafield ind1=" " ind2=" " tag="653">
      <marc:subfield code="a">Agrofortstwirtschaft</marc:subfield>
   </marc:datafield>
   <marc:datafield ind1=" " ind2=" " tag="653">
      <marc:subfield code="a">Gärtnern mit 7 Schichten</marc:subfield>
   </marc:datafield>
   <marc:datafield ind1=" " ind2=" " tag="653">
      <marc:subfield code="a">Nachhaltig Gärtnern</marc:subfield>
   </marc:datafield>
   <marc:datafield ind1=" " ind2=" " tag="653">
      <marc:subfield code="a">Miyawaki Methode</marc:subfield>
   </marc:datafield>
   <marc:datafield ind1=" " ind2=" " tag="653">
      <marc:subfield code="a">Mini-Waldgarten</marc:subfield>
   </marc:datafield>
   <marc:datafield ind1=" " ind2=" " tag="653">
      <marc:subfield code="a">Biodiversität fördern</marc:subfield>
   </marc:datafield>
   <marc:datafield ind1=" " ind2=" " tag="653">
      <marc:subfield code="a">Garten der Zukunft</marc:subfield>
   </marc:datafield>
   <marc:datafield ind1="0" ind2="0" tag="245">
      <marc:subfield code="a">Der geniale Waldgarten - einmal anlegen, immer ernten</marc:subfield>
   </marc:datafield>
   <marc:datafield ind1="0" ind2="0" tag="245">
      <marc:subfield code="b">Dein einfacher und praxisnaher Weg zum resilienten Waldgarten</marc:subfield>
   </marc:datafield>
   <marc:datafield ind1="0" ind2="0" tag="245">
      <marc:subfield code="c">Scarlet Allenspach</marc:subfield>
   </marc:datafield>
   <marc:datafield ind1=" " ind2="1" tag="264">
      <marc:subfield code="a">S.l.] @</marc:subfield>
      <marc:subfield code="b">Löwenzahn Verlag in der Studienverlag Ges.m.b.H.</marc:subfield>
      <marc:subfield code="c">2026</marc:subfield>
   </marc:datafield>
   <marc:datafield ind1=" " ind2=" " tag="250">
      <marc:subfield code="a">1. Auflage</marc:subfield>
   </marc:datafield>
   <marc:datafield ind1="1" ind2=" " tag="520">
      <marc:subfield code="a">Ein Waldgarten ist weit mehr als ein Beet mit ein paar Pflanzen. Er ist ein lebendiges Ökosystem, das Nahrung liefert, Lebensraum schafft und sich mit der Zeit selbst erhält. Dieses Buch zeigt dir, wie du mit wenig Aufwand und maximaler Kooperation mit der Natur einen essbaren, pflegeleichten Garten anlegen kannst. Es begleitet dich vom ersten Beobachten über die Planung bis zur Umsetzung eines Gartens, der nicht nur funktioniert, sondern wächst, summt und duftet. Egal ob Balkon, Reihenhausgarten oder große Fläche – hier findest du Inspiration und Anleitung für jeden Standort.

Natürlich gestalten statt ständig schuften

Lazy Gardening bedeutet nicht faul sein, sondern clever gärtnern. Statt ständig umzugraben, zu jäten oder zu gießen, nutzt du die Prinzipien der Permakultur und das Wissen natürlicher Kreisläufe. Dieses Buch vermittelt dir, wie du mit klimafitten Pflanzen, gut durchdachter Gestaltung und wenig Pflegeaufwand einen Garten schaffst, der Jahr für Jahr stabiler, vielfältiger und ertragreicher wird. Auch Themen wie Wassernutzung, Bodenaufbau, die Miyawaki-Methode oder Mischkultur werden praxisnah erklärt – Schritt für Schritt und mit Freude.

Für Menschen mit Erde im Herzen

Scarlet Allenspach verbindet in diesem Buch persönliche Erfahrungen mit fundiertem Wissen aus ihren Projekten in der Schweiz und auf Mallorca. Sie macht Mut, einfach anzufangen – ohne Vorkenntnisse, mit kleinem Budget, aber großer Wirkung. Der Waldgarten wird hier nicht nur als Pflanzsystem verstanden, sondern als Haltung. Ein Ort der Verbindung, der Ruhe, der Versorgung und des Wandels. Ein Ort, an dem Natur und Mensch sich nicht ausschließen, sondern gemeinsam Wurzeln schlagen. Dein Garten kann der Anfang sein – für dich und für eine Zukunft, die wächst.
</marc:subfield>
   </marc:datafield>
   <marc:datafield ind1=" " ind2=" " tag="020">
      <marc:subfield code="a">9783706688079</marc:subfield>
      <marc:subfield code="9">9783706688079</marc:subfield>
   </marc:datafield>
   <marc:datafield ind1=" " ind2=" " tag="020">
      <marc:subfield code="a">3706688077</marc:subfield>
      <marc:subfield code="9">3706688077</marc:subfield>
   </marc:datafield>
   <marc:datafield ind1=" " ind2=" " tag="041">
      <marc:subfield code="a">ger</marc:subfield>
   </marc:datafield>
   <marc:datafield ind1=" " ind2=" " tag="300">
      <marc:subfield code="a">180 Seiten</marc:subfield>
   </marc:datafield>
</marc:record>
